| 000 | 01281nam a22002897a 4500 | ||
|---|---|---|---|
| 999 |
_c121753 _d121753 |
||
| 003 | dpl | ||
| 005 | 20191001113823.0 | ||
| 008 | 191001b ||||| |||| 00| 0 eng d | ||
| 010 | _aB-137929 | ||
| 020 |
_c425.00 _a8181432630 |
||
| 035 | _aB-137929 | ||
| 037 | _bCen Lib/Ret | ||
| 040 |
_aDPL _bHN _cDPL |
||
| 082 |
_a303.6 _bगुजरा |
||
| 245 |
_aगुजरात :हादसे की हकीक़त / _c सिद्धार्थ वरदराजन द्वारा संपादित |
||
| 260 |
_aनयी दिल्ली _bवाणी प्रकाशन _c2005 |
||
| 270 |
_a21-ए, दरियागंज _bनयी दिल्ली _e110002 |
||
| 300 |
_a413पृ. _c20सेमी(सजिल्द ) |
||
| 650 |
_aगुजरात -- आदिवासी और दलित _x _z _9100695 |
||
| 650 |
_aगुजरात -- हिंसा _9100696 |
||
| 650 |
_aGujarat - tribal and Dalit _v _9100697 |
||
| 650 |
_aGujarat - violence _9100698 |
||
| 700 |
_aवरदराजन, सिद्धार्थ _944529 |
||
| 700 |
_aमोहम्मद वकास _9100699 |
||
| 700 |
_aजितेन्द्र कुमार _9100702 |
||
| 942 |
_2ddc _cHN _h303.6 _mगुजरा |
||